Analytical mechanics for enginners

Guardat en:
Dades bibliogràfiques
Altres autors: Ensign, Newton E.
Format: Llibre
Idioma:Undetermined
Publicat: New York, New York ; John Willey & Sons 1921
Etiquetes: Afegir etiqueta
Sense etiquetes, Sigues el primer a etiquetar aquest registre!

MARC

LEADER 00000nam a2200000Ia 4500
003 002368
005 20221231144015.0
008 140114s9999 xx 000 0 und d
040 |c  cru CEDI 
082 |a  531.017 S452a 
245 |a Analytical mechanics for enginners  
260 |a  New York, New York ; John Willey & Sons  |c 1921 
300 |a xiv, 486 páginas : ilustraciones  
654 |x MECANICA ANALITICA   |x MECANICA - PROBLEMAS, EJERCICIOS, ETC. 
700 |9 21364  |a Ensign, Newton E. 
942 |2 ddc  |c BK 
999 |c 15528  |d 15528